| Registos Bibliográficos associados ao registo de autoridade |
|
Etiqueta de registo: 00760cam 2200253 450 001 1186513 003 http://id.bnportugal.gov.pt/bib/catbnp/1186513 010 ## $a972-771-523-0 021 ## $aPT$b179308/02 100 ## $a20031001d2002 m y0pory0103 ba 101 1# $apor$cfre 102 ## $aPT 105 ## $aa z 001yy 106 ## $ar 200 1# $aSabedorias chinesas$fJean de Miribel, Léon Vandermeersch$gtrad. Filipe Duarte 210 #9 $aLisboa$cInstituto Piaget,$dD.L. 2002 215 ## $a139, [4] p.$cil.$d21 cm 225 2# $aBiblioteca básica de ciência e cultura$v120 304 ## $aTít. orig.: Sagesses chinoises 675 ## $a008(=1.510)$3504108 675 ## $a299(=1.510)$31173139 675 ## $a1(=1:510)$vBN$zpor$3429104 700 #1 $aMiribel,$bJean de,$f1919-$31172954 701 #1 $aVandermeersch,$bLéon,$f1928-1921$4070$31172961 702 #1 $aDuarte,$bFilipe$4730$3916267 801 #0 $aPT$bBN$gRPC 900 ## $aBIBNAC$d20130602 966 ## $lBN$mFGMON$sS.A. 106328 V.$x1 966 ## $lBN$mFGMON$sS.A. 106328 V.$x1
Etiqueta de registo: 00254nam 2200025 450 001 2284974 003 http://id.bnportugal.gov.pt/bib/catbnp/2284974 100 ## $a20260421d2010 m y0pory01030103ba 101 0# $afre 102 ## $aFR 105 ## $aa z 000yy 106 ## $ar 200 1# $aTintin au pays des philosophes$fPhilo Éditions 210 #9 $aParis$cPhilo Éditions$d2010 215 ## $a102 p.$cill. color$d28 225 2# $aPhilosophie.$iHors-série$v8$x2104-9246 304 ## $aEdição especial (capa dura) 304 ## $aCoordenação e direção de Sven Ortoli 304 ## $aColaboradores: Michel Serres, Elisabeth de Fontenay, Raphaël Enthoven, Gaëlle Jeanmart,
Léon Vandermeersch, Pierre Pachet, Jean-Marie Apostolidès, Serge Tisseron e Philippe
Descola 317 ## $aColeção Leandro de Moraes Sarmento$5PTBN: L.M.S. 408 330 ## $aExploração das aventuras de Tintim e da obra de Hergé através de conceitos de grandes
filósofos 517 1# $aPhilosophie Magazine. Hors-Sérire$eTintin au pays des philosophes 600 #1 $aHergé,$f1907-1983$xCrítica e interpretação$2SIPOR$31994685 606 ## $aTintin (Personagem de ficção)$xCrítica e interpretação$2SIPOR$31994699 675 ## $a741.5(493)Hergé(048)$vBN$zpor$31994686 702 #1 $aOrtoli,$bSven$4300$3276000 702 #1 $aSerres,$bMichel,$f1930-2019$4205$3110688 702 #1 $aFontenay,$bÉlisabeth de,$f1934-$4205$31996554 702 #1 $aEnthoven,$bRaphaël,$f1975$4205$31996555 702 #1 $aJeanmart,$bGaëlle$4205$31996556 702 #1 $aVandermeersch,$bLéon,$f1928-1921$4205$31172961 702 #1 $aPachet$bPierre,$f1937$4205$31996557 702 #1 $aApostolidès,$bJean-Marie,$f1943-2023$4205$3182044 702 #1 $aTisseron,$bSerge$f1948-$4205$3325059 702 #1 $aDescola,$bPhilippe,$f1949-$4205$31996558 710 02 $aPhilo Éditions$31996559 801 #0 $aPT$bBN$gRPC
966 ## $lBN$mFGMON$pBiblioteca particular Leandro de Moraes Sarmento$sL.M.S. 408 $x3
|
|
|